Datum a čas kvízu
26
Celkem bodů
Celkový počet nahraných bodů na tomto kvízu bez doplňovacích otázek.
5.
Pořadí na kvízu
Konečné umístění týmu na tomto kvízu.
Zaznamenané odpovědi
| # | Otázka | Odpověď | Body | Výsledky |
|---|---|---|---|---|
| 1. | Centrum pro výzkum veřejného m... | 0 | ||
| 2. | Parlament jedné země v úterý z... | 0 | ||
| 3. | Ještě nikdy ve své historii ne... | 1 | ||
| 4. | Slovensko na Den vítězství zač... | 0 | ||
| 5. | Fotbalisté jistého klubu vytvo... | 1 | ||
| 6. | Také se Vám někdy stane, že v... | 0 | ||
| 7. | Okrajový; mezní; podružný, ned... | 0 | ||
| 8. | V zimě často slyšíme, že silni... | 0 | ||
| 9. | Pojmenujte česky slovo bilater... | 1 | ||
| 10. | Kdo hledí pouze na prospěch, t... | 1 |